000
00300nam a22001337a 4500
008
190125b xxu||||| |||| 00| 0 eng d
020
_a
9789951437707
041
_a
eng
080
_a
339.138
100
_a
60
101
_a
MKT
245
_a
Marketingu Ndërkombëtar
_c
Ramadani,N
942
_2
udc
_c
BK
999
_c
53809
_d
53809